<?xml version="1.0" encoding="UTF-8"?>
<collection xmlns="http://www.loc.gov/MARC21/slim">
 <record>
  <leader>01710nam a22003015a 4500</leader>
  <controlfield tag="001">CEM.cems018998</controlfield>
  <controlfield tag="008">211102s2021####ag############000#0#und#d</controlfield>
  <controlfield tag="005">20240528140251.0</controlfield>
  <datafield tag="245" ind1="1" ind2="0">
   <subfield code="a">Elisa, la rosa inesperada /</subfield>
   <subfield code="c">Liliana Bodoc.</subfield>
  </datafield>
  <datafield tag="250" ind1=" " ind2=" ">
   <subfield code="a">1a ed.</subfield>
  </datafield>
  <datafield tag="260" ind1=" " ind2=" ">
   <subfield code="a">Buenos Aires :</subfield>
   <subfield code="b">Norma,</subfield>
   <subfield code="c">2021.</subfield>
  </datafield>
  <datafield tag="300" ind1=" " ind2=" ">
   <subfield code="a">224 p.</subfield>
  </datafield>
  <datafield tag="490" ind1="1" ind2=" ">
   <subfield code="a">Zona Libre</subfield>
  </datafield>
  <datafield tag="500" ind1=" " ind2=" ">
   <subfield code="a">Edición para Ministerio de Educación de la Nación Argentina.</subfield>
  </datafield>
  <datafield tag="505" ind1="0" ind2=" ">
   <subfield code="a">Tribulaciones y asechos de la autora -- De San Fe a Santa Salvador -- De San Salvador al Pucará de Tilcara -- Por los corredores de una amenaza -- Canción de cuna -- La cumbia inesperada -- El cuaderno de Elisa</subfield>
  </datafield>
  <datafield tag="520" ind1=" " ind2=" ">
   <subfield code="a">Su primera canción de cuna fue una cumbia. Después, cuando Naranja Dulce salió de gira a buscarse un futuro, Elisa -entre la plancha y el rociador- eligió otra música. Sin grandes anhelos, aceptó una invitación que prometía un paisaje diferente y algunas palabras en inglés. Pero el diablo se interpuso y empujó su destino hacia el norte. Allí, una voz de niña de piedra y el silbido de un viejo le alertaron del peligro. Elisa siente la amenaza en el cuerpo, y sólo podrá aliviar su pena cuando encuentra sus propias palabras.</subfield>
  </datafield>
  <datafield tag="020" ind1=" " ind2=" ">
   <subfield code="a">9789875459861</subfield>
  </datafield>
  <datafield tag="100" ind1="1" ind2=" ">
   <subfield code="a">Bodoc, Liliana.</subfield>
  </datafield>
  <datafield tag="653" ind1=" " ind2=" ">
   <subfield code="a">Literatura</subfield>
  </datafield>
  <datafield tag="653" ind1=" " ind2=" ">
   <subfield code="a">Literatura Argentina</subfield>
  </datafield>
  <datafield tag="653" ind1=" " ind2=" ">
   <subfield code="a">Novela</subfield>
  </datafield>
  <datafield tag="653" ind1=" " ind2=" ">
   <subfield code="a">Novela Argentina</subfield>
  </datafield>
  <datafield tag="653" ind1=" " ind2=" ">
   <subfield code="a">Literatura Juvenil</subfield>
  </datafield>
  <datafield tag="653" ind1=" " ind2=" ">
   <subfield code="a">Novela Juvenil</subfield>
  </datafield>
  <datafield tag="653" ind1=" " ind2=" ">
   <subfield code="a">Colección Leer Abre Mundos</subfield>
  </datafield>
  <datafield tag="859" ind1=" " ind2=" ">
   <subfield code="a">CEMS</subfield>
   <subfield code="b">BIB. CEMS - Agricultura</subfield>
   <subfield code="h">A863.4</subfield>
   <subfield code="i">B632-5</subfield>
   <subfield code="p">A3326.21</subfield>
   <subfield code="t">Ej.1</subfield>
  </datafield>
  <datafield tag="859" ind1=" " ind2=" ">
   <subfield code="a">CEMS</subfield>
   <subfield code="b">BIB. CEMS - 11 de abril</subfield>
   <subfield code="h">A863.4</subfield>
   <subfield code="i">B632-12</subfield>
   <subfield code="p">29135.21</subfield>
   <subfield code="t">EJ. 1</subfield>
  </datafield>
  <datafield tag="859" ind1=" " ind2=" ">
   <subfield code="a">CEMS</subfield>
   <subfield code="b">BIB. CEMS - 11 de abril</subfield>
   <subfield code="h">A863.4</subfield>
   <subfield code="i">B632-12</subfield>
   <subfield code="p">29449.24</subfield>
   <subfield code="t">Ej.2</subfield>
  </datafield>
 </record>
</collection>
